000 00371nab a22001097u 4500
008 130520b2010 xxu||||| |||| 00| 0 spa d
041 _aspa
100 1 _aViviano, Pauline A.
_983777
245 0 0 _aLos biblistas, los fieles laicos y el Sínodo de 2008 sobre la Palabra
_cPauline A. Viviano
773 0 _tConcilium
_gnº335,2010,págs. 79-92
_x0210-1041
_wRev134
942 _cAR
999 _c414887
_d414887